04002nab a2200265 i 4500003000900000005001700009008004100026040001800067072000800085100003000093100003400123100002900157100001800186245013200204500010200336520290900438650002003347650003403367650003903401650001503440773017603455856007803631942000803709999001903717BR-BrBNA20250915112043.0250915b2021 bl.ar|pooa||| 00| 0 eng | aBR-BrBNAbeng aF70 aRogalski, Juliana Marcia  aBerkenbrock, Isabela Schmitt  aVieira, Neide Koehntopp  aReis, Ademir  aDemographic structure of clonal, endemic, and endangered rheophyte bromeliad Dyckia ibiramensis: asexual vs sexual reproduction aPublicação on-line; Bibliography p. 10-12 (65 ref.); 4 tables.; 2 illus.; Summaries (En, Pt)  a Abstract In southern Brazil some species of Dyckia genus occur as rheophytes. Dyckia ibiramensis is an endemic bromeliad that occurs in discrete patches of the rocky banks along Itajaí do Norte River, Santa Catarina state. Four populations along Itajaí do Norte River were studied. In each population, all rosettes were counted and the diameter of each rosette was measured. The spatial distribution of the rosettes was identified as an isolated rosette or a clump. The clumps were classified according to the number of rosettes. The total number of rosettes per population ranged from 295 to 1,412. Most rosettes occur in clumps (98.1%), and 41% have reproductive rosettes. The number of rosettes per clump ranged from two to 43 rosettes. The percentage of reproductive rosettes per population ranged from 7.8 to 26.7%. The correlation between the number of clumps or between the total number of rosettes and the area of occupation was significant and positive. Few seedlings and isolated rosettes, production of offshoots occurred on both immature, and reproductive rosettes, and clumps with few rosettes can indicate the clonal propagation predominate in D. ibiramensis. Therefore, the maintenance and monitoring of the populations are essential for its long-term in situ conservation. Key words: conservation, disjunctive distribution, life stages, occupation area and riparian plant. Resumo No Sul do Brasil, algumas espécies do gênero Dyckia ocorrem como reófitas. Dyckia ibiramensis é uma bromélia endêmica que ocorre em manchas discretas, em bancos de rocha ao longo do Rio Itajaí do Norte, estado de Santa Catarina. Quatro populações ao longo do Rio Itajaí do Norte foram estudadas. Em cada população, todas as rosetas foram contadas e o diâmetro de cada roseta foi medido. A distribuição espacial das rosetas foi classificada como uma roseta isolada ou um grupo. Os grupos foram classificados de acordo com o número de rosetas. O número total de rosetas por população variou de 295 até 1.412. A maioria das rosetas ocorreu em grupos (98,1%), e 41% dos grupos tinham rosetas reprodutivas. O número de rosetas por grupo variou de duas a 43 rosetas. A porcentagem de rosetas reprodutivas por população variou de 7,8 a 26,7%. A correlação entre o número de grupos ou entre o número total de rosetas e a área de ocupação foi positiva e significativa. Poucas plântulas e rosetas isoladas, produção de brotos ocorrendo tanto em rosetas imaturas como reprodutivas, e grupos com poucas rosetas podem indicar o predomínio da propagação clonal em D. ibiramensis. Portanto, a manutenção e o monitoramento das populações são essenciais para sua conservação in situ, em longo prazo. Palavras-chave: conservação, distribuição disjuntiva, estágios de vida, área de ocupação e planta ripária. aCONSERVAÇÃO aDISTRIBUIÇÃO GEOGRÁFICA aETAPA DE DESENVOLVIMENTO DA PLANTA aBROMÉLIA0 07099357347dRio de Janeiro-RJ Jardim Botanico do Rio de Janeiro 1935o2025-5311tRodriguésia (Brazil)x0370-6583; 2175-7860 on-linegv. 72 p. 1-12; (2021)wBR2025002281 uhttps://www.scielo.br/j/rod/a/ys3NfgphqKy6kHwFH7L8sNP/?format=pdf&lang=en cANA c338168d338168